|
|
|
|
| LEADER |
00725nam a22002172a 4500 |
| 001 |
001159936 |
| 003 |
CZ BrMZK |
| 005 |
20111202123147.0 |
| 007 |
ta |
| 008 |
110725s1978 xr er|||||||||||cze d |
| 040 |
|
|
|a BOA001
|b cze
|
| 080 |
9 |
|
|a 057(083.133)(083.81)
|
| 100 |
1 |
|
|a Dvořák, Jaroslav
|4 aut
|
| 245 |
1 |
0 |
|a Přehled předpisů měrové služby :
|b stav 1.1.1978 /
|c Jaroslav Dvořák
|
| 260 |
|
|
|a [Praha] :
|b Úřad pro normalizaci a měření,
|c 1978
|
| 300 |
|
|
|a 55 s.
|
| 787 |
0 |
8 |
|i Samostatná příloha k:
|t Československá standardizace,
|g 1978, č. 5
|
| 910 |
|
|
|a BOA001
|b 2-0805.722
|
| 990 |
|
|
|a BK
|
| 991 |
|
|
|b 201107
|
| 996 |
6 |
|
|b 2619431001
|c 2-0805.722
|l MZK
|r Sklad / do 1 hodiny
|n 0
|w 001193036
|u 000010
|a 1
|e BOA001
|j MZK50
|s P
|